La persona social: estudios y fragmentos

Sábháilte in:
Sonraí bibleagrafaíochta
Príomhchruthaitheoir: Giner De Los Ríos, Francisco
Formáid: LEABHAR
Teanga:Undetermined
Foilsithe / Cruthaithe: Madrid, España Julio Cosano 1924
Ábhair:
Clibeanna: Cuir clib leis
Níl clibeanna ann, Bí ar an gcéad duine le clib a chur leis an taifead seo!

MARC

LEADER 00000nam a2200000Ia 4500
008 170316s9999 xx 000 0 und d
090 |a 100 G-30p 
100 |a Giner De Los Ríos, Francisco 
245 |a La persona social: estudios y fragmentos 
260 |a Madrid, España 
260 |b Julio Cosano 
260 |c 1924 
300 |a 307 páginas Tomo II 
650 |a FILOSOFÍA 
999 |c 16294  |d 16294 
040 |a cru BVZT 
942 |c 15 D  |h 100 G-30p  |2 z